00571nam a2200193Ia 450000500170000000800410001704000190005804100120007708200180008910000210010724500530012826000390018130000260022050400410024665000260028765100340031370000200034785000100036720230629103711.0131103s9999 xx 000 0 und d aLoreto College aEnglish a942.055 bNIC aNicoll,Allardyce 4aThe Elizabethanscintroduced by Allardyce Nicoll aCambridge bUniversity Pressc1957 aviii,174 p.b 421ill. aIncludes bibliographical references  aElizabeth,1558 - 1603 aEngland - History,1558 - 1603 aNicoll,Alardyce aLCLIB